000 00944cam a2200241 4500
001 ABS63240
008 000000n2000 000 0 eng u
035 _a(Sirsi) u109756
100 _aDewar, D
245 _aDelivering an urban renaissance
260 _c2000
490 _aPlanning (for the Natural and Built Environment)
_v(1396) 24 November 2000, 10(1)
520 _aDiscusses how the urban white paper aims to deliver urban renewal through a number of planning, urban design and financial measures. Outlines the key proposals and the itinerary for the next two years. "Our towns and citIes: the future" can be viewed at http://www.regeneration.detr.gov.uk/policies/ourtowns/index.htm.
590 _aABS
650 _aURBAN WHITE PAPER
650 _aURBAN POLICY
650 _aSUSTAINABLE DEVELOPMENT
650 _aPLANNING
650 _aURBAN RENEWAL
650 _aURBAN DESIGN
690 _aREGENERATION
942 _n0
999 _c65509
_d65509